Anaratul Baeer Va Kashfus Sarair (vol 1) (Record no. 1176)

MARC details
000 -LEADER
fixed length control field 00614nam a2200241 a 4500
020 ## - INTERNATIONAL STANDARD BOOK NUMBER
ISBN
082 00 - DEWEY DECIMAL CLASSIFICATION NUMBER
Classification number 297.82
Author Cutter KHA
100 ## - MAIN ENTRY--AUTHOR NAME
Author name Khan, Syed Afzal Ali
245 ## - TITLE STATEMENT
Title Anaratul Baeer Va Kashfus Sarair (vol 1)
260 ## - PUBLICATION, DISTRIBUTION, ETC. (IMPRINT)
Place of publication Lucknow
Name of publisher Naval Kishore
Year of publication 1887
300 ## - PHYSICAL DESCRIPTION
Number of Pages 236p
500 ## - GENERAL NOTE
General note includes index and biblioraphy
505 2# - FORMATTED CONTENTS NOTE
Formatted contents note Four Parts Boun Together
650 ## - SUBJECT ADDED ENTRY--TOPICAL TERM
Topical Term Shiah-Doctrines
942 ## - ADDED ENTRY ELEMENTS (KOHA)
Koha item type Books
700 1# -
-- Khan, Syed Afzal Ali
Holdings
Collection code Home library Current library Date acquired Cost, normal purchase price Full call number Accession Number Koha item type
  Henry Martyn Institute Library Henry Martyn Institute Library 06/28/2007 100.00 297.82 KHA 04600 Books
                   Copyright © 2026 | Henry Martyn Institute | Hyderabad | TS-500052 | INDIA | Implemented by hmi.edu.in
Hit-Count:

Powered by Koha